Measure theory /
Guardado en:
| Autor Principal: | |
|---|---|
| Formato: | Libro |
| Idioma: | English |
| Publicado: |
New York :
Springer-Verlag,
c1994.
|
| Series: | Graduate texts in mathematics ;
143 |
| Materias: | |
| Acceso en línea: | Google Book Search Reseña Bull. A.M.S. (pdf) |
| Etiquetas: |
Agregar Etiqueta
Sin Etiquetas, Sea el primero en etiquetar este registro!
|
| LEADER | 01385cam a2200289 a 4500 | ||
|---|---|---|---|
| 001 | MAT.inmabb003748 | ||
| 008 | 930405s1994####nyu###########001#0#eng## | ||
| 005 | 20130221160201.0 | ||
| 245 | 1 | 0 | |a Measure theory / |c J. L. Doob. |
| 260 | |a New York : |b Springer-Verlag, |c c1994. | ||
| 300 | |a xii, 210 p. ; |c 24 cm. | ||
| 440 | 0 | |a Graduate texts in mathematics ; |v 143 | |
| 500 | |a "Probability concepts are introduced in their appropriate place, not consigned to a ghetto"--Introduction. | ||
| 505 | 0 | |a 1. Operations on sets -- 2. Classes of subsets of a space -- 3. Set functions -- 4. Measure spaces -- 5. Measurable functions -- 6. Integration -- 7. Hilbert space -- 8. Convergence of measure sequences -- 9. Signed measures -- 10. Measures and functions of bounded variation on R -- 11. Conditional expectations; martingale theory. | |
| 510 | 4 | |a MR, |c 95c:28001 | |
| 510 | 4 | |a Bull. A.M.S., |c v. 31 no. 2, Oct. 1994. | |
| 020 | |a 0387940553 (New York) | ||
| 020 | |a 3540940553 (Berlin) | ||
| 100 | 1 | |a Doob, Joseph L. | |
| 650 | 0 | |a Measure theory. | |
| 650 | 0 | |a Probabilities. | |
| 084 | |a 28-01 (60A10) |2 msc2000 | ||
| 010 | |a 93017497 | ||
| 040 | |a DLC |c DLC |d DLC | ||
| 856 | 4 | |u http://books.google.com/books?isbn=0387940553 |y Google Book Search | |
| 856 | 4 | |u http://www.ams.org/bull/pre-1996-data/199431-2/meyer.pdf |y Reseña Bull. A.M.S. (pdf) | |
| 859 | |h 28 |i D691 |p A-6813 |b BIB. MATEMATICA | ||
